في الشعر العباسي (رقم التسجيلة. 3216)
[ عرض عادي ]
| 000 -الفاتح | |
|---|---|
| حقل البيانات ثابتة الطول | 00671cam a2200217a 44500 |
| 003 - محدد رقم الضبط | |
| رقم الضبط | OSt |
| 005 - وقت وتاريخ اخر تعامل مع التسجيلة | |
| رقم الضبط | 20150408113744.0 |
| 008 - عناصر البيانات ثابتة الطول - معلومات عامة | |
| حقل البيانات ثابتة الطول | 030316n19uu ua g 00000 ara dd |
| 040 ## - مصدر الفهرسة | |
| وكالة الفهرسة الأصلية | SA-RiAUC |
| لغة الفهرسة | ara |
| وكالة النسخ | SA-RiAUC |
| 041 ## - رمز اللغة | |
| رمز لغة النص/ المسارات الصوتية أو العنوان الانفرادي | عربي |
| 072 ## - رمز الفئه الموضوعية | |
| رمز فئه الموضوع | 071 |
| مجموعة رمز فئه الموضوع | الشعر العربي |
| 082 04 - رقم تصنيف ديوى العشرى | |
| رقم التصنيف | 811.4 خ ى ف |
| 092 ## - رقم استدعاء ديوى المحلى | |
| رقم التصنيف | 811.4 |
| رقم المادة | خ ى ف |
| 100 1# - المدخل الرئيسى - إسم شخصى | |
| الإسم الشخصى | خليف، يوسف. |
| 9 (RLIN) | 2281 |
| 245 10 - بيان العنوان | |
| العنوان | في الشعر العباسي |
| بقية العنوان | نحو منهج جديد / |
| بيان المسئوليه,etc | يوسف خليف. |
| 260 ## - PUBLICATION, DISTRIBUTION, ETC. (IMPRINT) | |
| مكان الناشر او الموزع | القاهرة |
| اسم الناشر او الموزع | مكتبة غريب، |
| تاريخ النشر أو التوزيع | [19--]. |
| 300 ## - الوصف المادى | |
| أبعاد الوعاء | 24 سم. 7 |
| 650 ## - المدخل الاضافى بالموضوع-مصطلح موضوعى | |
| التقسيم الفرعي العام | تاريخ ونقد |
| مصدر الرأس أو المصطلح | aucsh. 7 |
| 650 ## - المدخل الاضافى بالموضوع-مصطلح موضوعى | |
| التقسيم الفرعي الزمني | العصر العباسي |
| مصدر الرأس أو المصطلح | aucsh.\\ |
| 942 ## - عناصر المدخل الإضافي( كوها) | |
| مصدر التصنيف او مخطط الترفيف | Dewey Decimal Classification |
| Koha [default] item type | كتاب |
| حالة الفقد | نموذج السعر الفعال | حالة تلف | ليس للاعارة | رقم الطلب | تاريخ الاكتساب | الموقع الحالي | الفرع الرئيسي | Date last seen | Total Checkouts | الباركود | نوع المادة فى نظام كوها | مصدر التصنيف او خطة الترفيف |
|---|---|---|---|---|---|---|---|---|---|---|---|---|
| 2013-03-10 | 811.4 Ø® Ù Ù | 2011-05-17 | مكتبة مجمع الطالبات بالمجمعة (EMF) | المكتبة المركزية بالمجمعة (CL) | 2013-03-10 | |||||||
| 2013-03-10 | 811.4 خ ى ف | 2011-08-08 | مكتبة مجمع الطالبات بالمجمعة (EMF) | مكتبة مجمع الطالبات بالمجمعة (EMF) | 2016-09-25 | 00014383 | كتاب | Dewey Decimal Classification |
